MARC

LEADER 00000nam0a2200000 4500
001 273741
005 20231101234647.0
020 |a RU  |b 87-75674 
035 |a (RuTPU)RU\TPU\book\296951 
090 |a 273741 
100 |a 20141029d1987 km y0rusy5003 ca 
101 0 |a rus 
102 |a RU 
105 |a y z 000zy 
200 1 |a Главный стратегический рычаг интенсификации  |f В. М. Александров [и др.] 
210 |a Челябинск  |c Южно-Уральское кн. изд-во  |g 1987 
215 |a 144 с. 
225 1 |a Южный Урал. Научно-производственный комплекс 
300 |a Авт. указаны на обороте тит. л. 
606 1 |a Металлургические комбинаты  |x Реконструкция  |2 stltpush  |3 (RuTPU)RU\TPU\subj\42871  |9 62488 
610 1 |a реконструкция 
610 1 |a интенсификация 
610 1 |a стратегическое управление 
610 1 |a перестройка 
610 1 |a ремонтные службы 
610 1 |a модернизация 
675 |a 669.013.5  |z rus  |v 3 
701 1 |a Александров  |b В. М. 
701 1 |a Белозерцев  |b А. К. 
701 1 |a Иванов  |b В. Г. 
701 1 |a Купреева  |b Н. Н. 
702 1 |a Харьковский  |b В. И.  |4 220 
801 0 |a RU  |b RuMRKP  |c 19950417  |g psbo 
801 1 |a RU  |b 63413507  |c 20141029 
801 2 |a RU  |b 63413507  |c 20151208  |g RCR 
942 |c BK